000 00420nam a2200133Ia 4500
008 100328s9999 xx 000 0 und d
082 _b60252
100 _aदळवी श्रीकृष्ण
245 _aही माणसे मोठीच.
260 _bगं्रथाली.
630 _aही माणसे मोठीच.
730 _aही माणसे मोठीच.
942 _cBOOK
999 _c546414
_d546411